Reglamento de la Escuela Superior de Diplomática (Record no. 125633)
[ view plain ]
| 000 -LEADER | |
|---|---|
| campo de control de longitud fija | 01368nam a2200229 i 4500 |
| 001 - NÚMERO DE CONTROL | |
| campo de control | 125633 |
| 003 - IDENTIFICADOR DE NÚMERO DE CONTROL | |
| campo de control | ES-MaACL |
| 005 - FECHA Y HORA DE LA ÚLTIMA TRANSACCIÓN | |
| campo de control | 20251001144831.0 |
| 007 - CAMPO FIJO DE DESCRIPCIÓN FÍSICA--INFORMACIÓN GENERAL | |
| campo de control de longitud fija | t| |
| 008 - DATOS DE LONGITUD FIJA--INFORMACIÓN GENERAL | |
| campo de control de longitud fija | 070621s1865 sp ||||1| spa d |
| 110 2# - ENTRADA PRINCIPAL--NOMBRE DE ENTIDAD CORPORATIVA | |
| Nombre de entidad corporativa o nombre de jurisdicción como elemento de entrada | Universidad Central (Madrid). |
| Unidad subordinada | Escuela Superior de Diplomática. |
| 9 (RLIN) | 7086 |
| 245 10 - MENCIÓN DEL TÍTULO | |
| Título | Reglamento de la Escuela Superior de Diplomática |
| Resto del título | : creada en Madrid por Real Decreto de 7 de octubre de 1856 y confirmada por la Ley de Instruccion Pública de 9 de septiembre de 1857, precedido de una introducción histórica y acompañado de la legislacion vigente sobre archivos y bibliotecas. |
| 260 ## - PUBLICACIÓN, DISTRIBUCIÓN, ETC. | |
| Lugar de publicación, distribución, etc. | Madrid : |
| Nombre del editor, distribuidor, etc. | [s.n.], |
| Fecha de publicación, distribución, etc. | 1865 ( |
| Fabricante | Imprenta y Estereotipia de M. Rivadeneyra) |
| 300 ## - DESCRIPCIÓN FÍSICA | |
| Extensión | [4], 95 p. ; |
| Dimensiones | 26 cm. |
| 505 8# - NOTA DE CONTENIDO CON FORMATO | |
| Nota de contenido con formato | Las páginas 77-95 contienen un "Apéndice II", escrito por el secretario Vicente Vignau y fechado en 1877, como actualización a la introducción histórica anterior (p. 1-29), que atribuye a Pedro Felipe Monlau. |
| 610 27 - PUNTO DE ACCESO ADICIONAL DE MATERIA--NOMBRE DE ENTIDAD CORPORATIVA | |
| Nombre de entidad corporativa o nombre de jurisdicción como elemento de entrada | Universidad Central (Madrid). |
| Unidad subordinada | Escuela Superior de Diplomática- |
| Subdivisión de forma | Reglamentos. |
| 9 (RLIN) | 7087 |
| 700 1# - ENTRADA AGREGADA--NOMBRE PERSONAL | |
| Nombre de persona | Monlau, Pedro Felipe, |
| Fechas asociadas al nombre | 1808-1871 |
| 9 (RLIN) | 82226 |
| 700 1# - ENTRADA AGREGADA--NOMBRE PERSONAL | |
| Nombre de persona | Vignau y Ballester, Vicente, |
| Fechas asociadas al nombre | 1834-1919 |
| 9 (RLIN) | 114643 |
| 852 ## - LOCALIZACIÓN | |
| Ubicación | ES-MaACL |
| Número de control de estantería | T-914-F-9 |
| condición física | . - Introducción y Apéndice (p. 1-75) |
| 852 ## - LOCALIZACIÓN | |
| Ubicación | ES-MaACL |
| Número de control de estantería | T-914-F-11 |
| condición física | . - Es el Apéndice II (p. 77-95) |
| Estatus retirado | Estado de pérdida | Estado de daño | No para préstamo | Colección | Biblioteca de origen | Biblioteca actual | Ubicación en estantería | Fecha de adquisición | Fuente de adquisición | Total de préstamos | Signatura topográfica completa | Código de barras | Visto por última vez | Precio de reemplazo | Tipo de ítem Koha |
|---|---|---|---|---|---|---|---|---|---|---|---|---|---|---|---|
| Colección de folletos | Biblioteca del Ateneo de Madrid | Biblioteca del Ateneo de Madrid | Depósito folletos | 17/01/2008 | T-914-F-11 | 1130873 | 23/02/2023 | 23/02/2023 | Folleto | ||||||
| Colección de folletos | Biblioteca del Ateneo de Madrid | Biblioteca del Ateneo de Madrid | Depósito folletos | 17/01/2008 | T-914-F-9 | 1130872 | 23/02/2023 | 23/02/2023 | Folleto |
